ধ্বনিবিজ্ঞান ও বাংলা ধ্বনিতত্ত্ব / (Record no. 2739)
[ view plain ]
| 000 -LEADER | |
|---|---|
| fixed length control field | 00883nam a22002297a 4500 |
| 003 - CONTROL NUMBER IDENTIFIER | |
| control field | BD-DhJNU |
| 005 - DATE AND TIME OF LATEST TRANSACTION | |
| control field | 20260427043607.0 |
| 008 - FIXED-LENGTH DATA ELEMENTS--GENERAL INFORMATION | |
| fixed length control field | 260427b |||||||| |||| 00| 0 eng d |
| 020 ## - INTERNATIONAL STANDARD BOOK NUMBER | |
| International Standard Book Number | 9848164124 |
| 040 ## - CATALOGING SOURCE | |
| Original cataloging agency | BD-DhJNU |
| Language of cataloging | ENG |
| Transcribing agency | BD-DhJNU |
| Modifying agency | BD-DhJNU |
| 082 ## - DEWEY DECIMAL CLASSIFICATION NUMBER | |
| Edition number | 23 |
| Classification number | 414 HAP |
| 100 ## - MAIN ENTRY--PERSONAL NAME | |
| Personal name | হাই, মুহম্মদ আবদুল |
| 242 ## - TRANSLATION OF TITLE BY CATALOGING AGENCY | |
| Title | Phonetics and bengali phonology |
| Statement of responsibility, etc. | Muhammad Abdul Hai |
| 245 ## - TITLE STATEMENT | |
| Title | ধ্বনিবিজ্ঞান ও বাংলা ধ্বনিতত্ত্ব / |
| Statement of responsibility, etc. | মুহম্মদ আবদুল হাই |
| 246 ## - VARYING FORM OF TITLE | |
| Title proper/short title | Dhwanibigyan o bangla dhwanitattwa |
| 250 ## - EDITION STATEMENT | |
| Edition statement | 2nd ed |
| 260 ## - PUBLICATION, DISTRIBUTION, ETC. | |
| Place of publication, distribution, etc. | ঢাকা : |
| Name of publisher, distributor, etc. | মল্লিক, |
| Date of publication, distribution, etc. | 2023. |
| 300 ## - PHYSICAL DESCRIPTION | |
| Extent | [২০] ৩৩৬ পৃ. : |
| Other physical details | চিত্র ; |
| Dimensions | ২৪ সেমি.। |
| 650 ## - SUBJECT ADDED ENTRY--TOPICAL TERM | |
| Topical term or geographic name entry element | ধ্বনিতত্ত্ব |
| 650 ## - SUBJECT ADDED ENTRY--TOPICAL TERM | |
| Topical term or geographic name entry element | Phonetics |
| 942 ## - ADDED ENTRY ELEMENTS (KOHA) | |
| Source of classification or shelving scheme | Dewey Decimal Classification |
| Koha item type | Books |
| Suppress in OPAC | No |
| Withdrawn status | Lost status | Source of classification or shelving scheme | Damaged status | Not for loan | Collection | Home library | Current library | Shelving location | Date acquired | Source of acquisition | Total checkouts | Full call number | Barcode | Date last seen | Copy number | Price effective from | Koha item type |
|---|---|---|---|---|---|---|---|---|---|---|---|---|---|---|---|---|---|
| Dewey Decimal Classification | Non-fiction | Jagannath University Central Library | Jagannath University Central Library | General stacks | 04/27/2026 | Purchased | 414 HAP | JNUCL35570 | 04/27/2026 | 1 | 04/27/2026 | Books |